Revitalizing European rituals

Αποθηκεύτηκε σε:
Λεπτομέρειες βιβλιογραφικής εγγραφής
Άλλοι συγγραφείς: Boissevain, Jeremy (Επιμελητής έκδοσης)
Μορφή: Βιβλίο
Γλώσσα:English
Δημοσίευση: London : Routledge, 1992
Σειρά:European Association of Social Anthropologists
Θέματα:
Ετικέτες: Προσθήκη ετικέτας
Δεν υπάρχουν, Καταχωρήστε ετικέτα πρώτοι!

MARC

LEADER 00000cam a2200000 i 4500
001 1/61560
008 930910s eng d
020 |a 0-415-07957-8 
035 |a ΛΕΣΒΟΣb10000878  |l 10000878 
040 |a GR-MY-UA  |b gre  |e aacr 
041 0 |a eng 
082 0 |a 394.26094 
245 1 0 |a Revitalizing European rituals /  |c Edited by Jeremy Boissevain 
260 |a London :   |b Routledge,   |c 1992 
300 |a 204 p. 
490 1 |a European Association of social anthropologists 
500 |a Includes bibliographical references and index 
650 0 0 |a Festivals  |z Europe. 
651 0 |a Europe  |x Social life and customs. 
700 1 |a Boissevain, Jeremy.  |4 edt 
830 0 |a European Association of Social Anthropologists 
852 |a INST  |b LESVOS  |e 19930910  |h 394.26094 REV  |p 005100003761  |q 005100003761  |t BK  |y 0 
909 |a Λ  |b 025424